00325nam a2200121Ia 4500008004100000082001800041100001700059245003800076250000800114260004900122300001000171650002200181150201s2007 xx 000 0 und d a617.6bC2007D aDHOBLE,ASHOK aCOMPERHENSIVE REVIEW OF DENTAL PG a1ST bC.B.S PUBLISHERS & DISTRIBUTERSaDELHIc2007 a1-674 aGENERAL DENTISTRY